Axel de Fersen (Record no. 74730)
[ view plain ]
| 000 -LEADER | |
|---|---|
| campo de control de longitud fija | 00677nam a2200193 i 4500 |
| 001 - NÚMERO DE CONTROL | |
| campo de control | 74730 |
| 003 - IDENTIFICADOR DE NÚMERO DE CONTROL | |
| campo de control | ES-MaACL |
| 005 - FECHA Y HORA DE LA ÚLTIMA TRANSACCIÓN | |
| campo de control | 20250928115812.0 |
| 007 - CAMPO FIJO DE DESCRIPCIÓN FÍSICA--INFORMACIÓN GENERAL | |
| campo de control de longitud fija | t| |
| 008 - DATOS DE LONGITUD FIJA--INFORMACIÓN GENERAL | |
| campo de control de longitud fija | 040920s1942 sp ||||1| spa d |
| 100 1# - ENTRADA PRINCIPAL--NOMBRE DE PERSONA | |
| Nombre de persona | González Ruiz, Nicolás, |
| Fechas asociadas al nombre | 1897-1967 |
| 9 (RLIN) | 58946 |
| 245 10 - MENCIÓN DEL TÍTULO | |
| Título | Axel de Fersen |
| Resto del título | : el romántico amor de Maria Antonieta / |
| Mención de responsabilidad, etc. | Nicolás González Ruiz. |
| 260 ## - PUBLICACIÓN, DISTRIBUCIÓN, ETC. | |
| Lugar de publicación, distribución, etc. | Barcelona : |
| Nombre del editor, distribuidor, etc. | Tartessos, |
| Fecha de publicación, distribución, etc. | [1942] ( |
| Fabricante | Aleu y Domingo) |
| 300 ## - DESCRIPCIÓN FÍSICA | |
| Extensión | 228 p. ; |
| Dimensiones | 19 cm. |
| 600 17 - PUNTO DE ACCESO ADICIONAL DE MATERIA--NOMBRE DE PERSONA | |
| Nombre de persona | Fersen, Hans Axel von, |
| Fechas asociadas al nombre | 1755-1810 |
| Fuente del encabezamiento o término | |
| 9 (RLIN) | 159703 |
| 600 04 - PUNTO DE ACCESO ADICIONAL DE MATERIA--NOMBRE DE PERSONA | |
| Nombre de persona | María Antonieta |
| Títulos y otros términos asociados al nombre | Reina consorte de Luis XVI, Rey de Francia. |
| 9 (RLIN) | 76657 |
| 852 ## - LOCALIZACIÓN | |
| Ubicación | ES-MaACL |
| Número de control de estantería | F-15536 |
| Estatus retirado | Estado de pérdida | Estado de daño | No para préstamo | Biblioteca de origen | Biblioteca actual | Ubicación en estantería | Fecha de adquisición | Fuente de adquisición | Total de préstamos | Signatura topográfica completa | Código de barras | Visto por última vez | Precio de reemplazo | Tipo de ítem Koha |
|---|---|---|---|---|---|---|---|---|---|---|---|---|---|---|
| Biblioteca del Ateneo de Madrid | Biblioteca del Ateneo de Madrid | Sala Pecera Planta 2 | 17/01/2008 | F-15536 | 1078226 | 23/02/2023 | 23/02/2023 | Libro impreso |
